निष्कृति / (Record no. 71559)

MARC details
000 -LEADER
fixed length control field 01031nam a22002777a 4500
005 - DATE AND TIME OF LATEST TRANSACTION
control field 20121121163416.0
008 - FIXED-LENGTH DATA ELEMENTS--GENERAL INFORMATION
fixed length control field 090408t xxu||||| |||| 00| 0 hin d
010 ## - LCCN (DPL NO)
LC control number HIN-97472
020 ## - INTERNATIONAL STANDARD BOOK NUMBER
Terms of availability 180.00
International Standard Book Number 9788188285532
035 ## - SYSTEM CONTROL NUMBER
System control number HN-69818
037 ## - SOURCE OF ACQUISITION
Source of stock number/acquisition DBAD / PUB
040 ## - CATALOGING SOURCE
Original cataloging agency DPL
Language of cataloging HN
082 ## - DEWEY DECIMAL CLASSIFICATION NUMBER
Classification number
100 ## - MAIN ENTRY--PERSONAL NAME
9 (RLIN) 27482
Personal name गुप्त, योगेश
245 ## - TITLE STATEMENT
Title निष्कृति /
Statement of responsibility, etc योगेश गुप्त
260 ## - PUBLICATION, DISTRIBUTION, ETC. (IMPRINT)
Name of publisher, distributor, etc नया साहित्य केन्द्र
Date of publication, distribution, etc 2010
Place of publication, distribution, etc दिल्ली
270 ## - ADDRESS
Address इ 1/265, सोनिया विहार
City दिल्ली
Postal code 110094
300 1# - PHYSICAL DESCRIPTION
Extent 112पृ.
Dimensions 22सेमी (सजिल्द)
650 ## - SUBJECT ADDED ENTRY--TOPICAL TERM
9 (RLIN) 1169
700 ## - ADDED ENTRY--PERSONAL NAME
9 (RLIN) 27483
700 ## - ADDED ENTRY--PERSONAL NAME
9 (RLIN) 53703
710 ## - ADDED ENTRY--CORPORATE NAME
9 (RLIN) 52094
711 ## - ADDED ENTRY--MEETING NAME
9 (RLIN) 52444
942 ## - ADDED ENTRY ELEMENTS (KOHA)
Institution code [OBSOLETE] dpl
Item type Hindi Books
Source of classification or shelving scheme Dewey Decimal Classification
Call number suffix गुप्तयो
Classification part
Holdings
Withdrawn status Lost status Source of classification or shelving scheme Damaged status Not for loan Collection code Home library Current library Date acquired Source of acquisition Cost, normal purchase price Total Checkouts Full call number Barcode Date last seen Copy number Cost, replacement price Koha item type
    Dewey Decimal Classification   Not For Loan Non-fiction D.B.Act.Division D.B.Act.Division 21/11/2012 DBAD / PUB 120.00   क गुप्तयो HN-69818 21/11/2012 1 120.00 Hindi Books

© Delhi Public Library
Hit Counter
free hit counter